| 000 -LEADER | |
|---|---|
| fixed length control field | 00513nam a22001697a 4500 |
| 005 - DATE AND TIME OF LATEST TRANSACTION | |
| control field | 20240913120447.0 |
| 008 - FIXED-LENGTH DATA ELEMENTS--GENERAL INFORMATION | |
| fixed length control field | 190503b xxu||||| |||| 00| 0 eng d |
| 020 ## - INTERNATIONAL STANDARD BOOK NUMBER | |
| ISBN | 978-81-85790-21-3 |
| 041 ## - LANGUAGE CODE | |
| Language code of text/sound track or separate title | eng |
| 100 ## - MAIN ENTRY--AUTHOR NAME | |
| Personal name | MAHADIK, DR. K.R ,KUCHEKAR ,DR. B.S.,AND DESHMUKH,K.R. |
| 245 ## - TITLE STATEMENT | |
| Title | A TEXTBOOK OF CONCISE ORGANIC PHARMACEUTICAL CHEMISTRY:PHARMACEUTICAL CHEMISTRY-II |
| 250 ## - EDITION STATEMENT | |
| Edition statement | 19th ed. 2019 |
| 260 ## - PUBLICATION, DISTRIBUTION, ETC. (IMPRINT) | |
| Place of publication | PUNE |
| Name of publisher | NIRALI PUBLICATION |
| 300 ## - PHYSICAL DESCRIPTION | |
| Number of Pages | I.5 p, |
| 650 ## - SUBJECT ADDED ENTRY--TOPICAL TERM | |
| Topical Term | PHARMACY |
| General subdivision | B.PHARMA |
| 942 ## - ADDED ENTRY ELEMENTS (KOHA) | |
| Koha item type | Books |
| Lost status | Damaged status | Collection code | Home library | Current library | Shelving location | Date acquired | Source of acquisition | Cost, normal purchase price | Accession Number | Koha item type |
|---|---|---|---|---|---|---|---|---|---|---|
| PHARMACY | JRU Library | JRU Library | SHELF-17-D | 03/05/2019 | PURCHESS | 250.00 | 22704 | Books | ||
| PHARMACY | JRU Library | JRU Library | SHELF-16-D | 03/05/2019 | PURCHESS | 250.00 | 22705 | Books | ||
| Reference | JRU Library | JRU Library | SHELF - 10 - A | 03/05/2019 | PURCHESS | 250.00 | 22706 | Books |